000 00746nam a2200241Ia 4500
003 OSt
005 20220923224138.0
006 a|||||r|||| 00| 0
007 ta
008 Pun
024 _a226,509
037 _cTextual
040 _aARTS
_cARTS
_bPun
041 _2Pun
_aPun
082 _aO153v, P5
100 _aਘੁੰਮਣ, ਬਿਕਰਮ ਸਿੰਘ
_9156274
245 0 _aਸਾਹਿਤ ਸਮਾਲੋਚਨਾ ਅਤੇ ਇਤਿਹਾਸ
260 _aਅੰਮ੍ਰਿਤਸਰ
_b ਰੂਹੀ ਪ੍ਰਕਾFਨ
_c2005
300 _a208ਪੰ
_ccm.
650 _aਪੰਜਾਬੀ ਸਾਹਿਤ
942 _hO153v, P5
_cTEXL
_2CC
999 _c369521
_d369521